000 00468nam a22001697a 4500
005 20251108171946.0
008 250721s1983 xx 000 0 ara d
082 1 4 _a153.25/يوس
100 1 _aأسعد، يوسف ميخائيل
245 1 0 _aسيكولوجية الإلهام /
264 1 _aالقاهرة :
_bمكتبة غريب،
_c1983.
300 _a359ص
650 1 7 _aالإيحاء
650 1 7 _aعلم النفس
942 _2ddc
_cBK
999 _c66908
_d66908